000 00289nam a22001337a 4500
003 SGT
082 _a617.692
_bT17M
100 _aMOOND, VIKRAM
245 _aTHE EFFECT OF OCCLYSOL VARIATION
260 _aSGTU
_c2017
300 _a68
650 _aPROSTHODONTICS DENTAL
942 _2ddc
_cTH
999 _c20657
_d20657